| 000 | 00588cam a22002411 4500 | ||
|---|---|---|---|
| 001 | sa 66006324 | ||
| 003 | DLC | ||
| 005 | 20260227112255.0 | ||
| 008 | 941012s1964 ii 000 0 orio | ||
| 010 | _asa 66006324 | ||
| 025 | _aPL480:I-O-553 | ||
| 035 | _a(OCoLC)31273914 | ||
| 040 |
_aDLC _cCU _dCU _dDLC |
||
| 042 | _apremarc | ||
| 050 | 0 | 0 |
_aPK2576 _b.M3 |
| 100 | 1 | _aMahapatra, Rabinarayan. | |
| 245 | 1 | 0 | _aTuryyanāda. |
| 260 | _c[1964] | ||
| 300 |
_a6, 128 p. _c23 cm. |
||
| 500 | _aIn Oriya. | ||
| 500 | _aPoems. | ||
| 650 | 0 |
_aSino-Indian Border Dispute, 1957- _vPoetry. |
|
| 999 |
_c70466 _d70466 |
||